| 000 | 00724nam a2200217 a 4500 | ||
|---|---|---|---|
| 001 | 000028552 | ||
| 005 | 20240412074254.0 | ||
| 008 | 110411s2010 dr 000 0 spa d | ||
| 020 | _a9789945460841 | ||
| 040 |
_aDO-SdBNP _bspa _cBNPHU |
||
| 082 |
_aRD861.44 _bJ86p,2010 |
||
| 100 | 1 |
_aJovine Bermúdez, Federico, _d1944-2017 _925425 |
|
| 245 | 1 | 0 |
_aPasión de Jesús / _cFederico Jovine Bermúdez. |
| 260 |
_aSanto Domingo : _bSantuario, _c2010. |
||
| 300 |
_a103 p. ; _c23 cm. |
||
| 500 | _aIncluye datos biográficos del autor en la solapa de la cubierta | ||
| 590 | _aInventariado, 2019/VM | ||
| 650 | 0 |
_aPoesía dominicana _966 |
|
| 650 | 0 |
_aLiteratura dominicana. _967 |
|
| 910 | _aValidado. Control de calidad BNPHU | ||
| 999 |
_c28044 _d28044 |
||